El funcionamiento de la economía socialista : (Registro nro. 4296)
[ vista simple ]
| 000 -LEADER | |
|---|---|
| fixed length control field | 01110nam a2200241Ia 4500 |
| 003 - CONTROL NUMBER IDENTIFIER | |
| control field | OSt |
| 005 - DATE AND TIME OF LATEST TRANSACTION | |
| control field | 20200625180523.0 |
| 008 - FIXED-LENGTH DATA ELEMENTS--GENERAL INFORMATION | |
| fixed length control field | 191128s1978 sp fr 000 0 spa d |
| 040 ## - CATALOGING SOURCE | |
| Original cataloging agency | CO-JMCR |
| Transcribing agency | CO-JMCR |
| 041 0# - LANGUAGE CODE | |
| Language code of text/sound track or separate title | spa |
| 082 04 - DEWEY DECIMAL CLASSIFICATION NUMBER | |
| Classification number | 335.4 / |
| Item number | B859f |
| Edition number | 23 |
| 100 1# - MAIN ENTRY--PERSONAL NAME | |
| Personal name | Brus, Wlodzimierz, |
| Relator term | autor |
| 9 (RLIN) | 6226 |
| 245 13 - TITLE STATEMENT | |
| Title | El funcionamiento de la economía socialista : |
| Remainder of title | problemas generales / |
| Statement of responsibility, etc. | Wlodzimierz Brus |
| 250 ## - EDITION STATEMENT | |
| Edition statement | Primera edición |
| 260 ## - PUBLICATION, DISTRIBUTION, ETC. | |
| Place of publication, distribution, etc. | Barcelona : |
| Name of publisher, distributor, etc. | Oikos-Tau, |
| Date of publication, distribution, etc. | 1978 |
| 300 ## - PHYSICAL DESCRIPTION | |
| Extent | 287 páginas ; |
| Dimensions | 21 cm. |
| 490 0# - SERIES STATEMENT | |
| Series statement | Libros de economía oikos |
| 505 0# - FORMATTED CONTENTS NOTE | |
| Formatted contents note | Modelo y relaciones de producción socialistas -- Breve examen histórico del problema -- El modelo centralista -- La ley del valor en la economía socialista -- Un modelo de economía planificada con aplicación del mecanismo |
| 520 3# - SUMMARY, ETC. | |
| Summary, etc. | El funcionamiento de le economía socialista de W. Brus ha sido considerado como el manifiesto económico del socialismo descentralizado. En la misma Checoslovaquia se ha utilizado por un colega de Brus. |
| 650 14 - SUBJECT ADDED ENTRY--TOPICAL TERM | |
| Topical term or geographic name entry element | Socialismo |
| 9 (RLIN) | 6227 |
| 650 14 - SUBJECT ADDED ENTRY--TOPICAL TERM | |
| Topical term or geographic name entry element | Economía |
| 9 (RLIN) | 6228 |
| 942 ## - ADDED ENTRY ELEMENTS (KOHA) | |
| Source of classification or shelving scheme | Dewey Decimal Classification |
| Koha item type | Books |
| Withdrawn status | Lost status | Source of classification or shelving scheme | Damaged status | Not for loan | Collection code | Home library | Current library | Date acquired | Source of acquisition | Cost, normal purchase price | Total Checkouts | Full call number | Barcode | Date last seen | Copy number | Koha item type |
|---|---|---|---|---|---|---|---|---|---|---|---|---|---|---|---|---|
| Dewey Decimal Classification | Non-fiction | Biblioteca Pública José María del Castillo y Rada | Biblioteca Pública José María del Castillo y Rada | 10/01/2018 | Donación | 0.00 | 335.4 / B859f | 201809135 | 05/16/2024 | Ej.1 | Books |